000 00774nam a2200253 a 4500
008
020 _a0130263346 (hbk.)
049 _aMAIN
090 _aHF5429
_bBER
100 1 _aBerman, Barry.
245 1 0 _aRetail management :
_ba strategic approach /
_cBarry Berman [and] Joel R. Evans.
250 _a8th ed.
260 _aUpper saddle River :
_bPrentice Hall,
_cc2001.
300 _axxx, 708 [31] p. :
_bcol. ill. +plates ;
_c24 cm.
504 _aIncludes bibliographical references.
500 _aIncludes index.
650 0 _aRetail trade
_xManagement.
700 1 _aEvans, Joel R.
907 _a.b10139643
_b25-07-12
_c10-11-04
003
005 20230123125302.0
040 _cNUST
942 _cBOOKS
_kHF5429
_mBER
999 _c138900
_d138900